LEADER 00907nam0-2200313---450- 001 990009219680403321 005 20100910120715.0 035 $a000921968 035 $aFED01000921968 035 $a(Aleph)000921968FED01 035 $a000921968 100 $a20100909d1988----km-y0itay50------ba 101 0 $aita 102 $aIT 105 $a--------001yy 200 1 $aCanti e poesie popolari a Gaeta$f[a cura di] Nicola Magliocca 210 $a[Gaeta]$cCentro storico culturale Gaeta$d1988 215 $a437 p.$c1 ritr.$d24 cm 225 1 $aUsi e costumi di Gaeta$v2 610 0 $aCanti popolari$aGaeta$aAntologie 676 $a398.8 700 1$aMagliocca,$bNicola$0322772 801 0$aIT$bUNINA$gREICAT$2UNIMARC 901 $aBK 912 $a990009219680403321 952 $a398.8 MAG 1$bBibl.6610$fFLFBC 959 $aFLFBC 996 $aCanti e poesie popolari a Gaeta$9776694 997 $aUNINA LEADER 01495nam0 22002771i 450 001 UON00044511 005 20260205101927.888 100 $a20020107d1778 |0itac50 ba 101 $aita$aLAT 102 $aIT 105 $a|||| 1|||| 200 1 $aSpecimen ineditae et hexaplaris bibliorum versionis syro-estranghelae cum simplici atque utriusque fontibus graeco et hebraeo collatae cum duplici lat.vers. ac notis$fedidit ac diatribam de rarissimo codice ambrosiano Johannes Bern. De-Rossi 210 $aParmae$cex Regio Typographeo$d1778 215 $a[8 c.]$d24 cm 606 $aBIBBIA$xCODICI EBRAICI$xCOLLEZIONI E MUSEI$xVATICANO$3UONC015355$2FI 606 $aMANOSCRITTI SIRIACI$xBIBBIA$xCOLLEZIONI E MUSEI$xVATICANO$3UONC005182$2FI 620 $aIT$dParma$3UONL000080 686 $aSEB III$cSTUDI EBRAICI - FILOLOGIA$2A 700 1$aDE ROSSI$bGiovanni Bernardo$3UONV028316$0268103 712 $aEx Regio Typographeo $3UONV252991$4650 801 $aIT$bSOL$c20260206$gRICA 899 $aSIBA - SISTEMA BIBLIOTECARIO DI ATENEO E ARCHIVIO STORICO$2UONSI 912 $aUON00044511 950 $aSIBA - SISTEMA BIBLIOTECARIO DI ATENEO E ARCHIVIO STORICO$dSI RARI SEB III 001 $eSI MR 22941 7 001 996 $aSpecimen ineditae et hexaplaris bibliorum versionis syro-estranghelae cum simplici atque utriusque fontibus graeco et hebraeo collatae cum duplici lat.vers. ac notis$91159022 997 $aUNIOR